000 00669nam a2200217Ii 4500
001 12101
003 CO-ViMGA
008 241108s9999||||xx |||||||||||||| ||und||
020 _a9583320633
040 _aCO-ViMGA
_bspa
_erda
_cCO-ViMGA
041 0 _aspa
082 0 4 _a986.156 A162
100 1 _aHugo Alfonso Abreu Vanegas
_947937
245 1 0 _aFlor de cayena:
_bDiez casos de historia socioeconómica de Villavicencio y el Meta
264 1 _aBogotá, Colombia : G.M., 2001
300 _avolumen
336 _atext
_btxt
_2rdacontent
337 _aunmediated
_bn
_2rdamedia
338 _avolume
_bnc
_2rdacarrier
940 _aidficha_siabuc: 11811. -- ficha_no_siabuc:12101
999 _c42573
_d42573